Podstawy i zasady spóldzielczosci kredytowej w Polsce Ludowej w swietle doswiedczen "wielkopolskiego systemu spóldzielczego"
Enregistré dans:
| Format: | Livre |
|---|---|
| Langue: | polonais |
| Publié: |
Poznan
Akademia Ekon.
1984
|
| Collection: | Zeszyty naukowe - Seria 2
zeszyt 80 |
| Tags: |
Pas de tags, Soyez le premier à ajouter un tag!
|
MARC
| LEADER | 00000nam a2200000 4500 | ||
|---|---|---|---|
| 001 | c112772 | ||
| 005 | 20260116075026.5 | ||
| 041 | 0 | |a pol | |
| 044 | |a PL | ||
| 245 | 1 | 0 | |a Podstawy i zasady spóldzielczosci kredytowej w Polsce Ludowej |b w swietle doswiedczen "wielkopolskiego systemu spóldzielczego" |c Stefan Ochocinski |
| 264 | 1 | |a Poznan |b Akademia Ekon. |c 1984 | |
| 300 | |a 223 s. |e príl. | ||
| 490 | 1 | |a Zeszyty naukowe - Seria 2 |v zeszyt 80 | |
| 830 | 0 | |a Zeszyty naukowe - Seria 2 |v zeszyt 80 | |